[Event "Gipuzkoako-ch U18"]
[Site "Donostia"]
[Date "2007.12.29"]
[Round "4.5"]
[White "Ezeiza Zeberio, Uxue"]
[Black "Olabe Odriozola, Eduardo"]
[Result "0-1"]
[WhiteElo "1413"]
[BlackElo "1716"]
[PlyCount "78"]
[EventDate "2007.12.26"]
[EventType "swiss"]
[EventRounds "5"]
[EventCountry "ESP"]
[SourceTitle "EXT 2024"]
[Source "ChessBase"]
[SourceDate "2023.10.10"]
[SourceVersion "1"]
[SourceVersionDate "2023.10.10"]
[SourceQuality "1"]

1. e4 c5 2. Nc3 e6 3. Bc4 Ne7 4. Bb3 g6 5. Qe2 Bg7 6. Nf3 0-0 7. 0-0 d5 8. exd5 exd5 9. d3 Nbc6 10. Bg5 a6 11. Rfe1 f6 12. Bh4 Kh8 13. Qd2 b5 14. a3 Bg4 15. Ne2 Nf5 16. Bg3 Nxg3 17. Nxg3 Bxf3 18. gxf3 f5 19. Rab1 Qd7 20. Qd1 Rae8 21. Rxe8 Rxe8 22. c4 dxc4 23. dxc4 Qxd1+ 24. Rxd1 Bxb2 25. cxb5 axb5 26. a4 Nd4 27. Rd3 c4 28. Rd2 Nxf3+ 29. Kg2 Nxd2 30. Bd1 b4 31. a5 b3 32. a6 c3 33. a7 c2 34. Bf3 Nxf3 35. Kxf3 c1Q 36. Kg2 Qc6+ 37. Kh3 f4 38. Nf1 Qf3+ 39. Kh4 Bf6# 0-1

[Event "Gipuzkoako-ch U16"]
[Site "Errenteria"]
[Date "2007.12.02"]
[Round "6.11"]
[White "Ezeiza Zeberio, Uxue"]
[Black "Cruz Olabe, Leire"]
[Result "1-0"]
[WhiteElo "1413"]
[BlackElo "1516"]
[PlyCount "71"]
[EventDate "2007.10.21"]
[EventType "swiss"]
[EventRounds "6"]
[EventCountry "ESP"]
[SourceTitle "EXT 2024"]
[Source "ChessBase"]
[SourceDate "2023.10.10"]
[SourceVersion "1"]
[SourceVersionDate "2023.10.10"]
[SourceQuality "1"]

1. e4 e5 2. Nf3 Nc6 3. Bc4 h6 4. Nc3 Nf6 5. d3 Bb4 6. 0-0 Bxc3 7. bxc3 0-0 8. h3 d6 9. Re1 d5 10. exd5 Nxd5 11. Nxe5 Nxe5 12. Rxe5 c6 13. Qf3 Nxc3 14. Qg3 Re8 15. Rxe8+ Qxe8 16. d4 b5 17. Bf1 Qe6 18. Qxc3 Qg6 19. Qg3 Qf6 20. c3 g5 21. f4 g4 22. hxg4 Qg7 23. g5 f6 24. Bd3 f5 25. Bd2 Bd7 26. Rf1 Be6 27. Rf2 Bxa2 28. Bxf5 Kf8 29. Be4 Rc8 30. f5 Ke8 31. f6 Qf8 32. g6 Kd7 33. Bf5+ Be6 34. Bxe6+ Kxe6 35. g7 Qf7 36. Bxh6 1-0